Catálogo público

Cocoa producction and processing technology / (Record no. 177018)

MARC details
000 -CABECERA
campo de control de longitud fija 00862nam a2200289Ia 4500
001 - NÚMERO DE CONTROL
campo de control dia_5893
003 - IDENTIFICADOR DEL NÚMERO DE CONTROL
campo de control CHAP
005 - FECHA Y HORA DE LA ÚLTIMA TRANSACCIÓN
campo de control 20240125130614.0
008 - DATOS DE LONGITUD FIJA--INFORMACIÓN GENERAL
campo de control de longitud fija 220117s2014 xx 000 0 und d
010 ## - NÚMERO DE CONTROL DE LA BIBLIOTECA DEL CONGRESO
Número de control de LC 177018
020 ## - NÚMERO INTERNACIONAL ESTÁNDAR DEL LIBRO
Número Internacional Estándar del Libro 978--1-4665-9823-2
040 ## - FUENTE DE LA CATALOGACIÓN
Centro/agencia transcriptor CHAP
082 ## - NÚMERO DE LA CLASIFICACIÓN DECIMAL DEWEY
Número de clasificación 641.3374 O34 2014
100 ## - ENTRADA PRINCIPAL--NOMBRE DE PERSONA
Nombre de persona Ohene Afoakwa, Emmanuel
9 (RLIN) 159954
245 ## - MENCIÓN DE TÍTULO
Título Cocoa producction and processing technology /
Mención de responsabilidad, etc. Emmanuel Ohene Afoakwa
260 ## - PUBLICACIÓN, DISTRIBUCIÓN, ETC.
Lugar de publicación, distribución, etc. Estados Unidos de América :
Nombre del editor, distribuidor, etc. CRC Press,
Fecha de publicación, distribución, etc. 2014
300 ## - DESCRIPCIÓN FÍSICA
Extensión xxiv, 350 p.
503 ## - NOTA DE HISTORIA BIBLIOGRÁFICA (BK CF MU) [OBSOLETO]
Nota de historia bibliográfica C/e
504 ## - NOTA DE BIBLIOGRAFÍA, ETC.
Nota de bibliografía, etc. Bibliografía: p. 305-329
590 ## - NOTA LOCAL (RLIN)
Nota local TP640 O34 2014
650 ## - PUNTO DE ACCESO ADICIONAL DE MATERIA--TÉRMINO DE MATERIA
Término de materia o nombre geográfico como elemento de entrada Cocoa products
9 (RLIN) 150295
650 ## - PUNTO DE ACCESO ADICIONAL DE MATERIA--TÉRMINO DE MATERIA
Término de materia o nombre geográfico como elemento de entrada Productos derivados del cacao
9 (RLIN) 150301
901 ## - ELEMENTOS DE DATOS A LOCAL LDA (RLIN)
a 641.3374 O34 2014
902 ## - ELEMENTOS DE DATOS B LOCAL, LDB (RLIN)
a M
905 ## - ELEMENTOS DE DATOS E LOCAL, LDE (RLIN)
a 5232272014 -usmnd 8222123322eng16
942 ## - ELEMENTOS DE PUNTO DE ACCESO ADICIONAL (KOHA)
Tipo de ítem Koha Libro
Fuente del sistema de clasificación o colocación Dewey Decimal Classification
Holdings
Estado de retiro Estado de pérdida Fuente del sistema de clasificación o colocación Estado dañado No para préstamo Código de colección Localización permanente Ubicación/localización actual Fecha de adquisición Información codificada de la localización en otra ubicación Total de préstamos Signatura topográfica completa Código de barras Fecha visto por última vez Fecha del último préstamo Número de copia Precio válido a partir de Tipo de ítem Koha
    Dewey Decimal Classification     General Ingenieria Agroindustrial Ingenieria Agroindustrial 18/01/2022 1 2 641.3374 O34 2014 dia_009264 12/08/2024 12/08/2024 2 18/01/2022 Libro
    Dewey Decimal Classification     General Ingenieria Agroindustrial Ingenieria Agroindustrial 18/01/2022 1 1 641.3374 O34 2014 dia_009263 09/12/2022 09/12/2022 1 18/01/2022 Libro